000 00683na a2200241 4500
001 19700
003 MIRAKIL
005 20181213154836.0
008 161226b tu 000 0
020 _a9786051650074
040 _aMilas
_btur
_cTR-AnCHP
041 _atur
082 _a346.0482
_bÖ92 2014
090 _a346.0482 Ö92 2014
100 _aÖzdemir, Mahmut N.
245 _aFikri mülkiyet haklarının ticarileştirilmesi
_cMahmut N. Özdemir
260 _aİstanbul
_bTÜSİAD
_c2014
300 _a87 s.
_btbl.
_c27 sm.
490 _aYayın no : TÜSİAD-T/2014-10/558
650 _aFikri haklar
_xTicaret
650 _aHukuk
_xFikri mülkiyet
942 _2ddc
_cBKS
999 _c1852
_d1852